| 000 | 00543nam a2200193Ia 4500 | ||
|---|---|---|---|
| 003 | GCL | ||
| 008 | 140319s9999 xx 000 0 eng d | ||
| 040 |
_aGCL / _cGCL |
||
| 082 | 0 | 4 |
_aC C _b813.03 _bY R |
| 100 | 1 | _aCOBHAM, CATHERINE | |
| 245 | 1 | 0 |
_aRINGS OF BURNISHED BRASS / _cCOBHAM, CATHERINE |
| 700 | 1 | _aYUSUF IDRIS | |
| 260 |
_aالقاهرة : _bTHE AMERICAN UNIVERSITY IN CAIRO PRESS ، _c1990 |
||
| 300 |
_a16 CM ؛ _c142 P |
||
| 650 | 0 | 4 | _aEGYPT - LITERATURE |
| 650 | 0 | 4 | _aEGYPT - FICTION |
| 650 | 0 | 4 | _aFICTIONS |
| 942 |
_2ddc _cBK |
||
| 999 |
_c20182 _d20182 |
||